Die rechtliche Zulässigkeit der derzeitigen faktischen Behandlung von HIV-Infizierten im Strafvollzug
| Autor principal: | |
|---|---|
| Tipo de documento: | Print Artículo |
| Lenguaje: | Alemán |
| Publicado: |
1996
|
| En: |
Zeitschrift für Strafvollzug und Straffälligenhilfe
Año: 1996, Volumen: 45, Número: 3, Páginas: 136-143 |
| Availability in Albert-Krebs Library: | Z.01 24.1975 - 55.2006 |
| Verificar disponibilidad: | HBZ Gateway |
| Palabras clave: |
MARC
| LEADER | 00000caa a22000002c 4500 | ||
|---|---|---|---|
| 001 | 1639351280 | ||
| 003 | DE-627 | ||
| 005 | 20260503190415.0 | ||
| 007 | tu | ||
| 008 | 160223s1996 xx ||||| 00| ||ger c | ||
| 035 | |a (DE-627)1639351280 | ||
| 035 | |a (DE-576)455843538 | ||
| 035 | |a (DE-599)BSZ455843538 | ||
| 040 | |a DE-627 |b ger |c DE-627 |e rakwb | ||
| 041 | |a ger | ||
| 084 | |a 2,1 |2 ssgn | ||
| 100 | 1 | |a Hefendehl, Roland |d 1964- |0 (DE-588)124068537 |0 (DE-627)085616702 |0 (DE-576)172987008 |4 aut | |
| 109 | |a Hefendehl, Roland 1964- | ||
| 245 | 1 | 4 | |a Die rechtliche Zulässigkeit der derzeitigen faktischen Behandlung von HIV-Infizierten im Strafvollzug |c Roland Hefendehl |
| 264 | 1 | |c 1996 | |
| 336 | |a Text |b txt |2 rdacontent | ||
| 337 | |a ohne Hilfsmittel zu benutzen |b n |2 rdamedia | ||
| 338 | |a Band |b nc |2 rdacarrier | ||
| 650 | 4 | |a Aids |x Strafvollzug |7 (dpeaa)DE-2619 | |
| 650 | 4 | |a Strafvollzug |7 (dpeaa)DE-2619 | |
| 650 | 4 | |a Strafgefangener |7 (dpeaa)DE-2619 | |
| 650 | 4 | |a Aids |7 (dpeaa)DE-2619 | |
| 650 | 4 | |a Ungleichbehandlung |7 (dpeaa)DE-2619 | |
| 773 | 0 | 8 | |i Enthalten in |t Zeitschrift für Strafvollzug und Straffälligenhilfe |d Wiesbaden : Ges. für Fortbildung der Strafvollzugsbediensteten, 1975 |g 45(1996), 3, Seite 136-143 |w (DE-627)130166723 |w (DE-600)519517-2 |w (DE-576)015709817 |x 0342-3514 |7 nnas |
| 773 | 1 | 8 | |g volume:45 |g year:1996 |g number:3 |g pages:136-143 |
| 935 | |a mkri | ||
| 951 | |a AR | ||
| AKB | |a 24.1975 - 55.2006 |b Z.01 | ||
| ELC | |b 1 | ||
| LOK | |0 000 xxxxxcx a22 zn 4500 | ||
| LOK | |0 001 3299857975 | ||
| LOK | |0 003 DE-627 | ||
| LOK | |0 004 1639351280 | ||
| LOK | |0 005 20250605092230 | ||
| LOK | |0 008 160208||||||||||||||||ger||||||| | ||
| LOK | |0 040 |a DE-21-110 |c DE-627 |d DE-21-110 | ||
| LOK | |0 852 |a DE-21-110 | ||
| LOK | |0 852 1 |m p |9 00 | ||
| LOK | |0 935 |a k110 | ||
| LOK | |0 938 |k p | ||
| LOK | |0 939 |a 2016-02-08 |b l01 | ||
| LOK | |0 000 xxxxxcx a22 zn 4500 | ||
| LOK | |0 001 4196280897 | ||
| LOK | |0 003 DE-627 | ||
| LOK | |0 004 1639351280 | ||
| LOK | |0 005 20221011151021 | ||
| LOK | |0 008 221011||||||||||||||||ger||||||| | ||
| LOK | |0 035 |a (DE-2619)p04570 | ||
| LOK | |0 040 |a DE-2619 |c DE-627 |d DE-2619 | ||
| LOK | |0 092 |o n | ||
| LOK | |0 852 |a DE-2619 | ||
| LOK | |0 852 1 |m p |9 00 | ||
| LOK | |0 935 |a kreb | ||
| LOK | |0 938 |k p | ||
| LOK | |0 939 |a 2022-10-11 |b l01 | ||
| ORI | |a WA-MARC-krimdoka001.raw | ||
